000 00373nam a2200145Ia 4500
008 231129s2000||||xx |||||||||||||| ||spa||
020 _a968-444-336-6
040 _bspa
082 _a382.1 D186n
100 _aDaniels John D.
245 0 _aNegocios internacionales
260 _c2000
264 _aPrentice Hall
942 _2ddc
_cBKS
999 _c21636
_d21636